000 00382cam a2200169 4500
001 D13674
008 090401t1957 xxu||||| |||| 00| 0 eng d
035 _a(Sirsi) u11087
041 _aeng
100 _aRainsford, H.
245 _aSurvey adjustments and least squares
260 _bConstable
_c1957
350 _a0
520 _aShelf 133
942 _n0
948 _c04/03/1997
999 _c86810
_d86810